000 01210nam2a22002171 4500
001 RU\NLR\A1SV\44809
005 20251203152403.2
035 _a(NLR Aleph) 009726960
090 _a13480277
_c13480277
100 _a20021211d1924 u y0rusy50 ca
101 0 _arus
200 1 _aВеликобритания. Соединенные штаты. Франция
215 _a250 с.
_cтабл.
320 _aБиблиогр.: с.77-78, 176-177, 245
461 1 _1001RU\NLR\A1SV\44808
_12000#$aОчерки железнодорожной политики$fА.Ф.Зайцев, преп. I Ленингр. политехн. ин-та им. М.И.Калинина$vВып.1
_1700#1$aЗайцев$bА. Ф.$cд-р экон. наук$f1888-1942$gАлександр Флорович$3RU\NLR\AUTH\770250202
_99894731
_aЗайцев, А. Ф. (д-р экон. наук ; 1888-1942)
_cМ.
_d1924
_fА.Ф.Зайцев, преп. I Ленингр. политехн. ин-та им. М.И.Калинина
_nНКПС. Транспечать
_tОчерки железнодорожной политики
_vВып.1
801 0 _aRU
_bNLR
_c20021211
852 _aNLR
_j10/373
942 _cBOOK
980 _aA1SV
980 _aNB